Phân tích các yếu tố ảnh hưởng đến sự nghèo khó ở nông thôn Việt Nam : Luận văn tốt nghiệp Cao học. Chuyên ngành Kinh tế Nông nghiệp
Đề tài mô tả tổng quan tình hình kinh tế - xã hội của Việt Nam, xác định các yếu tố tác động đến sự nghèo khó ở vùng nông thôn và đề xuất các chính sách xóa nghèo ở nông thôn.
Spremljeno u:
| Glavni autor: | |
|---|---|
| Format: | Knjiga |
| Jezik: | Undetermined |
| Izdano: |
Cần Thơ
Trường Đại học Cần Thơ
2014
|
| Teme: | |
| Oznake: |
Dodaj oznaku
Bez oznaka, Budi prvi tko označuje ovaj zapis!
|
| Thư viện lưu trữ: | Trung tâm Học liệu Trường Đại học Cần Thơ |
|---|
| LEADER | 01121nam a2200217Ia 4500 | ||
|---|---|---|---|
| 001 | CTU_194326 | ||
| 008 | 210402s9999 xx 000 0 und d | ||
| 082 | |a 338.18 | ||
| 082 | |b Y603 | ||
| 088 | |a 60620115 | ||
| 100 | |a Lê, Ngọc Yến | ||
| 245 | 0 | |a Phân tích các yếu tố ảnh hưởng đến sự nghèo khó ở nông thôn Việt Nam : | |
| 245 | 0 | |b Luận văn tốt nghiệp Cao học. Chuyên ngành Kinh tế Nông nghiệp | |
| 245 | 0 | |c Lê Ngọc Yến ; Phạm Lê Thông (Cán bộ hướng dẫn) | |
| 260 | |a Cần Thơ | ||
| 260 | |b Trường Đại học Cần Thơ | ||
| 260 | |c 2014 | ||
| 520 | |a Đề tài mô tả tổng quan tình hình kinh tế - xã hội của Việt Nam, xác định các yếu tố tác động đến sự nghèo khó ở vùng nông thôn và đề xuất các chính sách xóa nghèo ở nông thôn. | ||
| 650 | |a Phát triển nông thôn,Rural development | ||
| 910 | |a Hải | ||
| 980 | |a Trung tâm Học liệu Trường Đại học Cần Thơ | ||